Accounting Stuff Quiz Stats

 Plays Quiz not verified by Sporcle

Also try: 'Triple-A' Battery
Challenge
Share
Tweet
Embed
Score 0/27 Timer 05:00
0 Plays Today
Account % Correct
Accounts ReceivableAsset
94.9%
Accounts ReceivableDebit
89.3%
Accounts PayableLiability
87.8%
Accounts PayableCredit
84.3%
Accounts ReceivableBalance Sheet
82.6%
Accounts PayableBalance Sheet
80%
Retained EarningsCredit
69%
DividendsDebit
60.5%
SalesCredit
60.2%
Retained EarningsBalance Sheet
60.2%
Sales DiscountDebit
53.5%
SalesIncome Statement
53.4%
SalesRevenue
51.5%
DividendsBalance Sheet
49%
Account % Correct
Sales DiscountIncome Statement
47.8%
PurchasesDebit
46%
Miscellaneous ExpenseDebit
45%
Purchases Returns and AllowancesCredit
42.5%
Miscellaneous ExpenseIncome Statement
39.5%
PurchasesIncome Statement
39.3%
Miscellaneous ExpenseExpense
38.4%
Sales DiscountRevenue
38.2%
Retained EarningsStockholders' Equity
36.8%
Purchases Returns and AllowancesIncome Statement
36.5%
DividendsStockholders' Equity
34.1%
PurchasesCost of Merchandise
4.5%
Purchases Returns and AllowancesCost of Merchandise
4.1%

You're not logged in!

Compare scores with friends on all Sporcle quizzes.
OR
Log In

You Might Also Like...

Show Comments

Extras

Created Dec 19, 2009ReportNominate
Tags:account, accounting, important, stuff

Top Quizzes Today


Score Distribution

Your Account Isn't Verified!

In order to create a playlist on Sporcle, you need to verify the email address you used during registration. Go to your Sporcle Settings to finish the process.

Report this User

Report this user for behavior that violates our Community Guidelines.

Details: